LINUX complete command reference

Saved in:
Bibliographic Details
Main Author: Purcell J
Format: Book
Language:English
Published: Sams Publishing 1997
Tags: Add Tag
No Tags, Be the first to tag this record!

MARC

LEADER 00000nam a22000007a 4500
008 201217b ||||| |||| 00| 0 eng d
020 |a : 0-672-31104-6 
022 |a   
100 |a Purcell J 
245 |a LINUX complete command reference  |c J. Purcell 
260 |b Sams Publishing  |c 1997  |d Books  |h Indianapolis:  |i 687160  |l QA76.76 .O63L63  |m  Linux  |m Operating systems (Computers)  
942 |a lcc  |c BK  |e Adekanye I.H  |f 17/12/2020 
952 |0 0  |1 0  |2 lcc  |4 0  |6 QA007676 O63 L63  |7 0  |9 696  |a HOL  |b HOL  |c QZ  |d 2020-12-17  |l 0  |o QA76.76 .O63L63  |p 2020-229920  |r 2020-12-17 00:00:00  |w 2020-12-17  |y BK 
999 |c 391  |d 391